Music Quiz

Random Music or Song Quiz

One Word Song Titles by Image (A-Z) Quiz Stats

 Plays Quiz Updated Jul 6, 2020

     
Support Sporcle.
Go Orange.
Score 0/26 Timer 05:00
4 Plays Today
% Correct
Baby
98.8%
E.T.
96.9%
Africa
96.9%
Dynamite
96.7%
Queen
96.7%
Umbrella
96.5%
Superman
96.4%
Halo
95.7%
Time
95.6%
Yellow
95.5%
Grenade
95.2%
Venus
94.9%
Zombie
94.2%
% Correct
Cups
93.8%
NASA
92.2%
Money
91.6%
Poison
91%
Waterfalls
90.4%
Royals
86.6%
Iris
86.3%
Lithium
85.7%
One
79.4%
Fireflies
79.4%
Jeremy
66%
Xanadu
57%
Kashmir
54.7%

From the Vault

Logos Through the Ages: AT&T

by Darzlat

Don't worry, you won't get an unnecessary phone bill at the end of this.
Remove Ads.
Support Sporcle.
Get the best of Sporcle when you Go Orange. This ad-free experience offers more features, more stats, and more fun while also helping to support Sporcle. Thank you for becoming a member.

Show Comments

Extras

Top Quizzes Today


Score Distribution

Your Account Isn't Verified!

In order to create a playlist on Sporcle, you need to verify the email address you used during registration. Go to your Sporcle Settings to finish the process.

Report this User

Report this user for behavior that violates our Community Guidelines.

Details: